000 00213nam a22000857a 4500
999 _c11710
_d11710
008 200110b ||||| |||| 00| 0 eng d
100 _aJonas Ann
_97392
245 _aThe Trek
260 _aNew York
_bMacmillan Books
_c1985